The Questions of King Milinda / (Record no. 67277)
[ view plain ]
| 000 -LEADER | |
|---|---|
| fixed length control field | 00861cam a2200241 a 4500 |
| 001 - CONTROL NUMBER | |
| control field | sa 66000485 |
| 003 - CONTROL NUMBER IDENTIFIER | |
| control field | DLC |
| 005 - DATE AND TIME OF LATEST TRANSACTION | |
| control field | 20260227112215.0 |
| 008 - FIXED-LENGTH DATA ELEMENTS--GENERAL INFORMATION | |
| fixed length control field | 830202r19651890ii b 001 0 eng |
| 010 ## - LIBRARY OF CONGRESS CONTROL NUMBER | |
| LC control number | sa 66000485 |
| 040 ## - CATALOGING SOURCE | |
| Original cataloging agency | DLC |
| Transcribing agency | DLC |
| 041 1# - LANGUAGE CODE | |
| Language code of text/sound track or separate title | eng |
| Language code of original | pli |
| 050 00 - LIBRARY OF CONGRESS CALL NUMBER | |
| Classification number | BQ2612.E5 |
| Item number | D38 1965 |
| 130 0# - MAIN ENTRY--UNIFORM TITLE | |
| Uniform title | Milindapañhā. |
| Language of a work | English. |
| 245 14 - TITLE STATEMENT | |
| Title | The Questions of King Milinda / |
| Statement of responsibility, etc. | translated from Pāli by T.W. Rhys Davids. |
| 260 ## - PUBLICATION, DISTRIBUTION, ETC. | |
| Place of publication, distribution, etc. | Delhi : |
| Name of publisher, distributor, etc. | Motilal Banarsidass, |
| Date of publication, distribution, etc. | 1965. |
| 300 ## - PHYSICAL DESCRIPTION | |
| Extent | 2 v. ; |
| Dimensions | 23 cm. |
| 440 #0 - SERIES STATEMENT/ADDED ENTRY--TITLE | |
| Title | Sacred books of the East series ; |
| Volume/sequential designation | v. 35-36 |
| 440 #0 - SERIES STATEMENT/ADDED ENTRY--TITLE | |
| Title | UNESCO collection of representative works. |
| Name of part/section of a work | Indian series. |
| 500 ## - GENERAL NOTE | |
| General note | Reprint. Originally published: Oxford : Clarendon Press, 1890. |
| 504 ## - BIBLIOGRAPHY, ETC. NOTE | |
| Bibliography, etc. note | Includes bibliographical references and indexes. |
| 700 1# - ADDED ENTRY--PERSONAL NAME | |
| Personal name | Davids, T. W. Rhys |
| Fuller form of name | (Thomas William Rhys), |
| Dates associated with a name | 1843-1922. |
No items available.